000 00442nam a22001817a 4500
003 MPLRDC
005 20220104123717.0
008 210129b ||||| |||| 00| 0 eng d
082 _a528.21 CMWJ
100 _a诧摩武俊
245 _a怎样管教孩子
_c
250 _a六版
260 _a
_b台视文化公司
_c1989
300 _b
490 _a家庭系列
650 _a子女教育; 亲子教育
942 _cBK
_o528.21 CMWJ
999 _c13588
_d13578